El hermano mayor (Record no. 173896)

MARC details
000 -LEADER
campo de control de longitud fija 00680nam a22001575i 4500
001 - NÚMERO DE CONTROL
campo de control 173896
003 - IDENTIFICADOR DE NÚMERO DE CONTROL
campo de control ES-MaACL
005 - FECHA Y HORA DE LA ÚLTIMA TRANSACCIÓN
campo de control 20230906215402.0
008 - DATOS DE LONGITUD FIJA--INFORMACIÓN GENERAL
campo de control de longitud fija 100128s1851 sp |||| | spa d
100 1# - ENTRADA PRINCIPAL--NOMBRE DE PERSONA
Nombre de persona Auset, Antonio.
9 (RLIN) 142052
245 13 - MENCIÓN DEL TÍTULO
Título El hermano mayor
Resto del título : comedia original, en tres actos y en verso /
Mención de responsabilidad, etc. por Antonio Auset.
260 ## - PUBLICACIÓN, DISTRIBUCIÓN, ETC.
Lugar de publicación, distribución, etc. Madrid :
Nombre del editor, distribuidor, etc. [Círculo Literario Comercial],
Fecha de publicación, distribución, etc. 1851 (
Fabricante Imp. a cargo de C. González)
300 ## - DESCRIPCIÓN FÍSICA
Extensión 70 p. ;
Dimensiones 17 cm.
500 ## - NOTA GENERAL
Nota general En port.: Nº 145.
852 ## - LOCALIZACIÓN
Ubicación ES-MaACL
Número de control de estantería F-8627(5)
Nota libre .- Enc. pasta española
condición física .- Falto de la cub. original
Nota libre .- Enc. en un vol. facticio formando parte de la col. facticia "Teatro español moderno", vol. 82
Holdings
Estatus retirado Estado de pérdida Estado de daño No para préstamo Colección Biblioteca de origen Biblioteca actual Ubicación en estantería Fecha de adquisición Fuente de adquisición Total de préstamos Signatura topográfica completa Código de barras Visto por última vez Precio de reemplazo Tipo de ítem Koha
        Libros del s. XIX Biblioteca del Ateneo de Madrid Biblioteca del Ateneo de Madrid Sala Pecera Planta 2 28/01/2010     F-8627(5) 1182535 23/02/2023 23/02/2023 Libro impreso antiguo